10-Letter Vocabulary (Medium) Quiz Stats

 Plays Quiz Updated Jun 23, 2017

Support Sporcle.
Go Orange.
Score 0/25 Timer 08:00
4 Plays Today
% Correct
guillotine
96.6%
knockwurst
96.1%
rendezvous
95.7%
anesthesia
94.6%
rhinestone
94.4%
traumatize
93.6%
paranormal
92.8%
hullabaloo
91.6%
headhunter
91.4%
wallflower
91.4%
commissary
91.3%
jeopardize
90.9%
facilitate
90.3%
% Correct
troubadour
89.3%
flamboyant
88.6%
homogenize
88%
retrograde
86.6%
voluptuous
86.1%
saccharine
85.6%
malevolent
85.5%
subliminal
84.9%
derivative
80%
capitulate
79.8%
aggrandize
78%
adulterate
70.1%

You're not logged in!

Compare scores with friends on all Sporcle quizzes.
OR
Log In
Forgot?

From the Vault

Original Titles of Foreign Literature

by baconstud01

If translated literally, these books would be very different.
Remove Ads.
Support Sporcle.
Get the best of Sporcle when you Go Orange. This ad-free experience offers more features, more stats, and more fun while also helping to support Sporcle. Thank you for becoming a member.

Show Comments

Extras

Top Quizzes Today


Score Distribution

Your Account Isn't Verified!

In order to create a playlist on Sporcle, you need to verify the email address you used during registration. Go to your Sporcle Settings to finish the process.

Report this User

Report this user for behavior that violates our Community Guidelines.

Details: